000 00625cam a22002293a 4500
001 3312
003 PGUSA
005 20140828083030.0
008 020701s2002||||xxu|||||s|||||000 | eng d
040 _aPGUSA
_beng
042 _adc
050 4 _aF850.5
100 1 _aGillmore, Inez Haynes,
_d1873-1970
245 1 4 _aThe Native Son
_h[electronic resource] /
_cInez Haynes Gillmore
260 _bProject Gutenberg,
_c2002
506 _aPublic domain in the USA.
516 _aElectronic text
653 _aCalifornia
830 0 _aProject Gutenberg
_v3312
856 4 0 _uhttp://www.gutenberg.org/ebooks/3312
942 _cEB
999 _c232641
_d232641